|
|
|
|
| LEADER |
00000cam a2200000 7i4500 |
| 001 |
0000063113 |
| 005 |
20200609093000.0 |
| 008 |
090528s2006 stk eng |
| 020 |
|
|
|a 0443100012
|
| 020 |
|
|
|a 9780443100017
|
| 050 |
0 |
0 |
|a RD734
|b .P37 2006
|
| 060 |
1 |
0 |
|a WE 39
|b P276o 2006
|
| 090 |
0 |
0 |
|a RD734
|b .P37 2006
|
| 100 |
1 |
|
|a Parvizi, Javad ,
|e author
|
| 245 |
1 |
0 |
|a Orthopaedic examination made easy
|c Javad Parvizi
|
| 260 |
|
|
|a Edinburgh
|a New York :
|b Churchill Livingstone ,
|c c2006
|
| 300 |
|
|
|a vi, 129 p. :
|b ill. (some col.) ;
|c 22 cm.
|
| 500 |
|
|
|a Includes index
|
| 505 |
0 |
|
|a 1. History -- 2. Neck and spine -- 3. Shoulder -- 4. Elbow -- 5. Wrist and hand -- 6. Hip and pelvis -- 7. Knee -- 8. Foot and ankle
|
| 650 |
|
0 |
|a Musculoskeletal system
|x Examination
|
| 650 |
|
0 |
|a Orthopedics
|x Diagnosis
|
| 650 |
|
0 |
|a Physical orthopedic tests
|
| 650 |
1 |
2 |
|a Musculoskeletal Diseases
|x diagnosis
|
| 650 |
2 |
2 |
|a Musculoskeletal System
|x injuries
|
| 650 |
2 |
2 |
|a Orthopedic Procedures
|x methods
|
| 650 |
2 |
2 |
|a Physical Examination
|x methods
|
| 655 |
|
2 |
|a Handbooks
|
| 999 |
|
|
|a 1000128558
|b Book
|c OPEN SHELF (30 DAYS)
|e Gong Badak Campus
|